Meilleurs Buteurs de Liga depuis 2010 - Football - Statistiques

Statistiques générales
  • Ce quiz a été pris 372 fois
  • Le résultat moyen est 8 sur 20
Statistiques - réponses
Buts Nationalité Joueur % Correct
285 Portugal Cristiano Ronaldo
100%
386 Argentine Lionel Messi
100%
176 Uruguay Luis Suarez
98%
230 France Karim Benzema
96%
198 France Antoine Griezmann
93%
81 Pays de Galles Gareth Bale
86%
165 Espagne Iago Aspas
51%
82 Ghana Inaki Williams
41%
78 Croatie Ante Budimir
26%
113 Espagne Aritz Aduriz
26%
121 Espagne Gerard Moreno
21%
74 France Kévin Gameiro
21%
85 Espagne Mikel Oyarzabal
16%
111 Uruguay Cristhian Stuani
13%
82 Brésil Willian José
11%
85 Espagne Alvaro Negredo
8%
76 Espagne José-Luis Morales
7%
87 Espagne Roberto Soldado
7%
96 Espagne Raul Garcia
5%
77 Espagne Ruben Castro
1%
Aucun quiz correspondant
Distribution des résultats
% des personnes avec chaque résultat
Percentile par nombre de réponses
Votre historique - résultats
Vous n’avez pas pris ce quiz